Analiz poverchnosti likvidusa trojnych sistem /

Gespeichert in:
Bibliographische Detailangaben
1. Verfasser: Lucyk, Vasilij Ivanovič (Verfasst von)
Format: Buch
Veröffentlicht: Moskva : Nauka, 1987
Tags: Tag hinzufügen
Keine Tags, Fügen Sie das erste Tag hinzu!

MARC

LEADER 00000nam a22000003a 4500
001 stu15904
005 20150617225757.1
008 ------s1987----xxr---------------------d
040 |a STU  |b slo 
041 0
044 |a xxr 
080 |a 541.123.3  |7 stu_us_auth*stu5565 
100 1 |a Lucyk, Vasilij Ivanovič  |4 aut 
245 1 |a Analiz poverchnosti likvidusa trojnych sistem /  |c [aut.]Lucyk,Vasilij Ivanovič 
260 |a Moskva :  |b Nauka,  |c 1987 
300 |a 149 s :  |b Grafy,lit 
996 |b C81421  |c C*81421  |l CCVIIIB  |s P  |a 0  |w stu15904_0001